000 00480nam a2200181Ia 4500
005 20250423100345.0
008 250422s9999 xx 000 0 und d
020 _a097524020X
050 _aQA 76.76 .H94 .M94/
100 _aMyer, Thomas
245 0 _aNo nonsense : XML web development with PHP
260 _aAustralia
260 _bSitePoint Pty
260 _c2005
300 _a354 p
650 _a XML (Document markup language) Web sites Programming.
942 _cBK
999 _c33062
_d33062